=LDR 00000nam 2200000 4500 =001 INLIS000000000006461 =005 20251110100733 =035 ##$$a 0010-1125000335 =007 ta =008 251110###########################0#ind## =082 ##$$a 336.3598 =084 ##$$a 336.3598 BAD m =245 1#$$a Masalah Penyelesaian Kerugian Negara : $b - /$c Badan Pemeriksa Keuangan =260 ##$:$b Badan Pemeriksa Keuangan =300 ##$$a 21 hal : $b - ; $c 21 cm =650 #4$$a Keluarga Berencana =110 #$$a Badan Pemeriksa Keuangan =856 ##$$a Perpustakaan Kemendukbangga